00344 a2200121 450000100060000010000160000624500320002226000250005409000170007994200230009699900190011995200840013837800 aHall D G E aA history of southeast asia aMalysiabMacmillanc c23992d23992 aNUST-CAEcMc15549 c272873d272873 001040708NFICaCAEbCAEd2017-04-03l0pCAE69408r2017-04-05w2017-04-05yBK